000 01882aam a2200313 i 4500
999 _c46390
_d46390
001 768714001
003 CO-MdFUSB
005 20201105110617.0
007 ta
008 200522t1925 enka|||| |||| 00| 0 eng d
020 _a[No incluye ISBN]
040 _bspa.
_aCO-MdFUSB
_cCO-MdFUSB
_dCO-MdFUSBC
_erda
041 _aeng
082 _223
_a221.7
_bP419
245 1 4 _aThe people and the book :
_bessays on the old testament
_c/ editado por Arthur S. Peake
264 1 _aOxford, Inglaterra :
_bThe Clarendon Press,
_c[1925]
264 4 _c© 1925
300 _axx, 508 páginas
_c; 20 cm
336 _atexto
_btxt
_2rdacontent
337 _2rdamedia
_asin mediación
_bn
338 _2rdacarrier
_avolumen
_bnc
505 _aIsrael y las naciones vecinas / por HR Hall - El ambiente religioso de Israel / por SA Cook - El estudio moderno del idioma hebreo / por GR Driver - La historia de Israel / por AC Welch - Los métodos de mayor crítica / por TH Robinson - La posición actual de la crítica del Antiguo Testamento / por JE McFadyen - Religión hebrea de Moisés a Saúl / por WF Lofthouse - La religión de Israel de David al regreso del exilio / por el editor - El desarrollo de la religión de Israel desde el regreso a la muerte de Simón el Macabeo / por WE Barnes - Adoración y ritual / por WOE Oesterley - Psicología hebrea / por HW Robinson - La contribución del Antiguo Testamento al desarrollo religioso de la humanidad / por RH Kennett - Interpretación judía del Antiguo Testamento / por I. Abrahams - El valor y la importancia del Antiguo Testamento en relación con el Nuevo / por GH Box - Los horizontes del estudio del Antiguo Testamento / por GB Gray.
563 _aPasta dura
630 0 7 _aBiblia.
_pAntiguo Testamento
_vEnsayos.
700 _93884
_aPeake, Arthur Samuel,
_eeditor
942 _cBK
945 _aJTF-925